000 00492nam a2200193Ia 4500
001 7558
003 GE_BSU
008 181216s||||||||xx |||||||||||||| ||und||
040 _cGE_BSU
245 _aLe point.№2130.2013.
245 _bLes plus grands traÎtres de I'Histore.
260 _aPARIS.
260 _c2013
300 _a118pg;27sm.
653 _aLe point.№2130.2013.
653 _aLes plus grands traÎtres de I'Histore.
653 _aპერიოდიკა
942 _cCR
999 _c40913
_d40913